000
00280nam a2200109Ia 4500
008
220120s9999||||xx |||||||||||||| ||und||
100
_a
Arora, C P and others
_9
8766
245
0
_a
Heat and mass transfer
260
_a
Dhanapathrai publishing
_c
1997
300
_b
299
650
_a
VHDL
999
_c
137243
_d
137243